Hot Tracks (Record n. 98859)

Dettagli MARC
000 -LEADER
fixed length control field 01705njm a2200385Ia 4500
001 - CONTROL NUMBER
control field 26770
003 - CONTROL NUMBER IDENTIFIER
control field IT-RoPAU
005 - DATE AND TIME OF LATEST TRANSACTION
control field 20220918181109.0
008 - FIXED-LENGTH DATA ELEMENTS--GENERAL INFORMATION
fixed length control field 131025s9999 xx 000 0 und d
040 ## - CATALOGING SOURCE
Original cataloging agency IT-RoPAU
040 ## - CATALOGING SOURCE
Transcribing agency IT-RoPAU
041 ## - LANGUAGE CODE
Language code of text/sound track or separate title INGLESE
999 ## - SYSTEM CONTROL NUMBERS (KOHA)
Koha Dewey Subclass [OBSOLETE] n.d.
100 ## - MAIN ENTRY--PERSONAL NAME
Personal name Ellis Herb
9 (RLIN) 16700
100 ## - MAIN ENTRY--PERSONAL NAME
Relator term Autore musica
9 (RLIN) 16701
100 ## - MAIN ENTRY--PERSONAL NAME
Miscellaneous information Codice autore musica SPICS: 10088
9 (RLIN) 16702
245 ## - TITLE STATEMENT
Title Hot Tracks
250 ## - EDITION STATEMENT
Edition statement 1a ed.
260 ## - PUBLICATION, DISTRIBUTION, ETC. (IMPRINT)
Place of publication, distribution, etc. ROMA
260 ## - PUBLICATION, DISTRIBUTION, ETC. (IMPRINT)
Name of publisher, distributor, etc. SPICS RECORDS
Date of publication, distribution, etc. 1985 [1a Ed.:1977 - Ed. Lingua Orig.: 1977]
300 ## - PHYSICAL DESCRIPTION
Extent MUSICASSETTA
300 ## - PHYSICAL DESCRIPTION
Dimensions 39 minuti (Testo: pag.)
500 ## - GENERAL NOTE
General note Musica pop
505 ## - FORMATTED CONTENTS NOTE
Formatted contents note Spherikal (Brown Ray Sextet) - But Beautiful (Burke Johnny) - Blues For Minnie - Bones - So's Your Mother (Melvoin Mike) - Squatty Roo (Hogers Johnny) - Sweetbach (Edison Harry-Sweets)
650 ## - SUBJECT ADDED ENTRY--TOPICAL TERM
Topical term or geographic name as entry element POP [CASSETTE]
Relator term Codice MATERIA SPICS: 9951
9 (RLIN) 1073
700 ## - ADDED ENTRY--PERSONAL NAME
Personal name AA.VV.
Relator term Autore
Miscellaneous information Codice autore SPICS: 12000
9 (RLIN) 799
700 ## - ADDED ENTRY--PERSONAL NAME
Personal name Brown Ray Sextet
Miscellaneous information Codice interprete SPICS: 10092
Relator term Interprete
9 (RLIN) 16703
700 ## - ADDED ENTRY--PERSONAL NAME
Personal name Brown Ray Sextet
Miscellaneous information Codice autore musica SPICS: 10092
Relator term Autore musica
Name of part/section of a work Spherikal - Blues For Minnie
9 (RLIN) 16704
700 ## - ADDED ENTRY--PERSONAL NAME
Personal name Burke Johnny
Miscellaneous information Codice autore musica SPICS: 15743
Relator term Autore musica
Name of part/section of a work But Beautiful
9 (RLIN) 16705
700 ## - ADDED ENTRY--PERSONAL NAME
Personal name Plas Johnson
Miscellaneous information Codice autore musica SPICS: 18846
Relator term Autore musica
Name of part/section of a work Bones
9 (RLIN) 16706
700 ## - ADDED ENTRY--PERSONAL NAME
Personal name Melvoin Mike
Miscellaneous information Codice autore musica SPICS: 18847
Relator term Autore musica
Name of part/section of a work So's Your Mother
9 (RLIN) 16707
700 ## - ADDED ENTRY--PERSONAL NAME
Personal name Hogers Johnny
Miscellaneous information Codice autore musica SPICS: 18848
Relator term Autore musica
Name of part/section of a work Squatty Roo
9 (RLIN) 16708
700 ## - ADDED ENTRY--PERSONAL NAME
Personal name Edison Harry (Sweets)
Miscellaneous information Codice autore musica SPICS: 18849
Relator term Autore musica
Name of part/section of a work Sweetbach
9 (RLIN) 16709
942 ## - ADDED ENTRY ELEMENTS (KOHA)
Koha item type MUSICASSETTE
Source of classification or shelving scheme Dewey Decimal Classification
Dati di copia
Withdrawn status Lost status Damaged status Not for loan Home library Current library Date acquired Total Checkouts Full call number Date last seen Price effective from Koha item type Public note
    Buone Condizioni Not For Loan SPICS-MEDIATECA SPICS-MEDIATECA 25/10/2013   26770 25/10/2013 25/10/2013 MUSICASSETTE Progr. Ins.: 6327 / N.Vol.: 1 / Copie: 1 - Copia rara: n.d. / date import: 01.01.2014 - By Epidotti, Trombetti, Vaglietti
CREDITS: SOCIETA' SAN PAOLO Via A.Severo, 58 - ROMA (RM) & PERIODICI SAN PAOLO SRL Via Giotto, 36 MILANO & CISF Via Giotto, 36 MILANO & EDIZIONI SAN PAOLO SRL,  Piazza Soncino, 5 CINISELLO BALSAMO (MI) -- ITALY